Η Ευρώπη από το 1300 μέχρι το 1660

Αποθηκεύτηκε σε:
Λεπτομέρειες βιβλιογραφικής εγγραφής
Κύριοι συγγραφείς: Dreyfus, Francois G., Grimal, Pierre
Άλλοι συγγραφείς: Contamine, Philippe, Marx, Ronald W., Poidevin, Raymond, Λούβρου, Eιρήνη, Θεοδωρόπουλος, Τάκης, 1954-, Ξενάριος, Γιώργος, 1959- (trlf)
Μορφή: Βιβλίο
Γλώσσα:Greek
French
Δημοσίευση: Αθήνα : Παπαζήσης, 1990.
Αθήνα : 1990.
Αθήνα : 1990.
Αθήνα : 1990.
Αθήνα : 1990.
Θέματα:
Ετικέτες: Προσθήκη ετικέτας
Δεν υπάρχουν, Καταχωρήστε ετικέτα πρώτοι!

MARC

LEADER 00000cam a2200000 i 4500
001 1/28655
008 950621s1990 gr | ||| |||| ||gre||
008 950621s1990 gr | ||| |||| ||gre||
008 950621s1990 gr | ||| |||| ||gre||
008 950621s1990 gr | || |||| ||gre||
008 950621s1990 gr | ||| |||| ||gre||
035 |a 1992  |c ΔΩΡΕΑ  |l 10038129 
035 |a 1997  |c ΓΡΑΜΜΑΤΕΙΑ ΜΥΤΙΛΗΝΗΣ 
035 |a 1992  |c ΔΩΡΕΑ  |l 10038133 
035 |a 1997  |c ΓΡΑΜΜΑΤΕΙΑ ΜΥΤΙΛΗΝΗΣ 
035 |a 1992  |c ΔΩΡΕΑ  |l 10038136 
035 |1 ΕΛΗ  |a 1997  |b 2803  |c ΒΙΒΛΙΟΘΗΚΗ  |l 10044257 
035 |1 ΕΛΗ  |a 1997  |b 2803  |c ΒΙΒΛΙΟΘΗΚΗ  |l 10044249 
040 |a GR-MY-UA  |b gre  |e aacr 
040 |a GR-MY-UA  |b gre  |e aacr 
040 |a GR-MY-UA  |b gre  |e aacr 
040 |a GR-MyUA  |b gre  |e AACR2 
040 |a GR-MY-UA  |b gre  |e aacr 
041 1 |a gre  |h fre 
041 1 |a gre  |h fre 
041 1 |a gre  |h fre 
041 1 |a gre  |h fre 
041 1 |a gre  |h fre 
082 7 |a 940   |2 (21) 
082 7 |a 940   |2 (22) 
082 7 |a 940   |2 (22) 
082 7 |a 940   |2 (21) 
082 7 |a 940   |2 (21) 
100 1 |a Dreyfus, Francois G. 
100 1 |a Grimal, Pierre. 
245 1 2 |a Η Ευρώπη από το 1300 μέχρι το 1660 /   |c Jean Berenger, Philippe Contamine, Francis Rapp ; μετάφραση: Π. Παπαδόπουλος.  
245 1 2 |a Η Ευρώπη από το 1660 μέχρι το 1789 /   |c Jean Berenger, Yves Durand ; μετάφραση: Α. Τριανταφύλλου.  
245 1 2 |a Η Ευρώπη απο το 1789 μέχρι το 1914 /   |c Francois-Georges Dreyfus, Roland Marz, Raymond Poidevin ; μετάφραση: Ε. Λούβρου.  
245 1 2 |a Η Ευρώπη από το 1848 μέχρι σήμερα /   |c Francois-Georges Dreyfus, Roland Marx, Raymond Poidevin ; μετάφραση: Τ. Θεοδωρόπουλος...[κ.ά.].  
245 1 2 |a Η Ευρώπη απο τους πρώτους χρόνους μέχρι τον Μεσαίωνα /   |c Pierre Grimal, Jacques - Pierre Millote, Rene Raynal ; μετάφραση: Ε. Λούβρου, Γ. Ξενάριος.  
260 |a Αθήνα :   |b Παπαζήσης,   |c 1990.  
260 |a Αθήνα :   |b Παπαζήσης,   |c 1990.  
260 |a Αθήνα :   |b Παπαζήσης,   |c 1990.  
260 |a Αθήνα :   |b Παπαζήσης,   |c 1990.  
260 |a Αθήνα :   |b Παπαζήσης,   |c 1990.  
300 |a 365 σ. :   |b εικ. ;   |c 24 εκ. 
300 |a 367 σ. :   |b εικ. ;   |c 24 εκ.  
300 |a 345 σ. :   |b εικ. ;   |c 25 εκ.  
300 |a 363 σ. :   |b εικ. ;   |c 24 εκ.  
300 |a 269 σ. :   |b εικ. ;   |c 25 εκ. 
500 |a Μετάφραση μέρους από το έργο: Histoire generale de l'Europe. 
500 |a Μετάφραση μέρους από το Histoire generale de l'Europe 
500 |a Μετάφραση μέρους από το έργο Histoire generale de l'Europe 
500 |a Μετάφραση μέρους του έργου Histoire generale de l'Europe.  
500 |a Μετάφραση μέρους του έργου Histoire generale de l'Europe 
504 |a Περιέχει βιβλιογραφικές παραπομπές και ευρετήριο.  
504 |a Περιέχει ευρετήριο.  
651 0 |a Europe  |x History. 
700 1 |a Contamine, Philippe. 
700
700
700 1 |a Marx, Ronald W. 
700 1 |a Poidevin, Raymond. 
700 1 |a Λούβρου, Eιρήνη,  |e trlf 
700 1 |a Θεοδωρόπουλος, Τάκης,   |d 1954-  |e trl 
700 1 |a Ξενάριος, Γιώργος,   |d 1959-  |e trl 
774 1 |t Γενική Ιστορία της Ευρώπης 
774 1 |t Γενική ιστορία της Ευρώπης 
774 1 |t Γενική ιστορία της Ευρώπης 
774 1 |t Γενική Ιστορία της Ευρώπης 
774 1 |t Γενική Ιστορία της Ευρώπης 
901 |a BIBL-1998-1 
901 |a BIBL-1998-1 
909 |a Σ  |b 023677 
909 |a Σ  |b 050686 
909 |a Λ  |b 023662 
909 |a Λ  |b 019515 
909 |a Λ  |b 023663 
909 |a Λ  |b 019516 
909 |a Σ  |b 023678 
909 |a Σ  |b 050687 
909 |a Λ  |b 019517 
909 |a Λ  |b 023664 
909 |a Σ  |b 023679 
909 |a Σ  |b 049907 
909 |a Λ  |b 019518 
909 |a Λ  |b 023665 
909 |a Σ  |b 049906 
909 |a Λ  |b 019513 
970 |z 1995/06 
970 |z 1995/06 
970 |z 1995/06 
970 |z 1995/06 
970 |z 1995/06